000 01154nam a2200265 4500
001 76078
003 BD-RjUL
005 20211209082802.0
008 191021s1991 bg ||||| |||| 00| 0 ben d
020 _c: Tk. 15.00
035 _a(BD-RjUL)76298
040 _aBD-RjUL
_beng
_cBD-RjUL
041 _aeng
082 _223
_a297.5663
_bKHJ 1991
100 1 _aখান, আখতার হামিদ
_9233967
245 1 0 _aজন্মনিরোধ সম্পর্কে ইসলামী মতবাদ /
_cআখতার হামিদ খান
260 _aকুমিল্লা:
_bবাংলাদেশ পল্লী উন্নয়ন একাডেমী,
_c১৯৯১
300 _a২৪ পৃ. ;
_c২০ সেমি.
600 _z
_9233973
650 _aজন্ম নিয়ন্ত্রণ (ইসলামী আইন)
_9233969
650 _aBirth control (Islamic law)
_9233970
650 _aজন্ম নিয়ন্ত্রণ
_xধর্মীয় দিক
_xইসলাম।
_9233971
650 _a Birth control
_xReligious aspects
_xIslam.
_9233972
942 _2ddc
_cRAR
999 _c76078
_d76078